| 000 | 00618 a2200253 4500 | ||
|---|---|---|---|
| 260 | _aParis | ||
| 630 | _a34 - Droit. Jurisprudence. Legislation | ||
| 037 | _b1, WVSC | ||
| 650 | _a3 - SCIENCES SOCIALES | ||
| 100 | _aChambon, Pierre | ||
| 260 | _bDalloz | ||
| 245 | _aLe juge d'instruction : Théorie et pratique de la procédure | ||
| 300 | _a464 p. | ||
| 650 | _aJuge d'instruction | ||
| 650 | _aProcédure pénale : Théorie : Pratique | ||
| 260 | _c1997 | ||
| 300 | _b26 cm | ||
| 100 | _lFr | ||
| 037 | _aDE 9793 | ||
| 250 | _a4e éd. | ||
| 020 | _a2-247-02417-3 | ||
| 999 |
_c43187 _d43187 |
||